000 01241cam a22003497a 4500
003 CHAP
005 20220817041858.0
008 971013d1981 mexab r 00010 spa d
010 _a27530
011 _a28502
035 _a32606
040 _cCHAP
090 _aFolleto 7188
110 1 _aINIA. México. Campo Agrícola Experimental Chetumal
_958480
245 0 _aLogros y aportaciones de la investigación agrícola en el estado de Quintana Roo
260 _aChetumal :
_bEl Instituto,
_c1981
300 _a51 p.
_b: ilus
490 0 _aPublicación especial
_v; 1
590 _aBATCH-UPD
_b10
_c20130110
_lUCH01
_h0036
590 _aBATCH-UPD
_b10
_c20130110
_lUCH01
_h1251
590 _aBATCH-UPD
_b10
_c20130410
_lUCH01
_h0813
590 _aBATCH-UPD
_b10
_c20130913
_lUCH01
_h2116
590 _aCONVERSION
_b10
_c20130109
_lUCH01
_h1316
650 1 4 _aAgricultura
_xInvestigacion
_xQuintana Roo.
_91665
650 1 4 _aAgricultura
_xQuintana Roo.
830 0 _aPublicación especial
_v; 1
_992760
901 _aBK
942 _cFOLL
949 _aFolleto 7188
_bBC
_cFOLL
_d-75927
_eTS1
_i32606
_mD
_si
949 _aFolleto 7188
_bBC
_cFOLL
_d-75929
_eTS2
_fc.2
_i32606
_mD
_si
949 _aFolleto 7188
_bBC
_cFOLL
_d326063
_eTS2
_fc.3
_i32606
_kDonaciØn
_sb
999 _c27530
_d27530